000 01157cam a2200277 a 4500
001 2543620
003 ARRUPE
005 20140924020006.0
008 941025s1995 nyu b 001 0 eng
010 _a 94041691
020 _a0070380945 (acidfree paper)
040 _aDLC
_cDLC
_dDLC
050 0 0 _aR724
_b.P36 1995
100 1 _aPence, Gregory E.
_9885
245 1 0 _aClassic cases in medical ethics :
_baccounts of cases that have shaped medical ethics, with philosophical, legal, and historical backgrounds /
_cGregory E. Pence.
250 _a2nd ed.
260 _aNew York :
_bMcGraw-Hill,
_cc1995.
300 _axviii, 504 p. ;
_c24 cm.
504 _aIncludes bibliographical references (p. 469-492) and indexes.
650 0 _aMedical ethics
_xCase studies.
_9886
856 4 2 _3Publisher description
_uhttp://www.loc.gov/catdir/enhancements/fy0602/94041691-d.html
856 4 1 _3Table of contents only
_uhttp://www.loc.gov/catdir/enhancements/fy0602/94041691-t.html
906 _a7
_bcbc
_corignew
_d1
_eocip
_f19
_gy-gencatlg
942 _2lcc
_cMONOGRAPH
_04
999 _c117951
_d117951